Innovative Finance for Real Estate Development in Pan-European Regeneration (Record no. 115356)

MARC details
000 -LEADER
fixed length control field 01335cad a22003135a 4500
001 - CONTROL NUMBER
control field L158516
008 - FIXED-LENGTH DATA ELEMENTS--GENERAL INFORMATION
fixed length control field 131031s2015 xxk f f 001 0 eng d
035 ## - SYSTEM CONTROL NUMBER
System control number (Sirsi) u158516
041 0# - LANGUAGE CODE
Language code of text/sound track or separate title eng
050 04 - LIBRARY OF CONGRESS CALL NUMBER
-- 18
110 2# - MAIN ENTRY--CORPORATE NAME
Corporate name or jurisdiction name as entry element Royal Institution of Chartered Surveyors
9 (RLIN) 4900
245 00 - TITLE STATEMENT
Title Innovative Finance for Real Estate Development in Pan-European Regeneration
Medium [electronic resource]
260 ## - PUBLICATION, DISTRIBUTION, ETC.
Place of publication, distribution, etc. London
Name of publisher, distributor, etc. RICS
Date of publication, distribution, etc. 2015
490 #0 - SERIES STATEMENT
Series statement RICS Research
520 ## - SUMMARY, ETC.
Summary, etc. A critical review and analysis of innovative financial instruments for real estate development in Western Europe: the UK, Germany and Holland. Reveals different approaches to the financing of development within a regeneration framework. This research outcomes will be useful to EU and European national policy makers in public finance and real estate development.
650 24 - SUBJECT ADDED ENTRY--TOPICAL TERM
Topical term or geographic name entry element REAL ESTATE DEVELOPMENT
650 24 - SUBJECT ADDED ENTRY--TOPICAL TERM
Topical term or geographic name entry element FINANCING
651 #4 - SUBJECT ADDED ENTRY--GEOGRAPHIC NAME
Geographic name Europe
690 ## - LOCAL SUBJECT ADDED ENTRY--TOPICAL TERM (OCLC, RLIN)
Topical term or geographic name as entry element Finance and taxation
690 ## - LOCAL SUBJECT ADDED ENTRY--TOPICAL TERM (OCLC, RLIN)
Topical term or geographic name as entry element Planning and development
9 (RLIN) 6259
700 1# - ADDED ENTRY--PERSONAL NAME
Personal name Squires, Graham
700 1# - ADDED ENTRY--PERSONAL NAME
Personal name Hutchison, Norman
700 1# - ADDED ENTRY--PERSONAL NAME
Personal name Adair, Alastair
700 1# - ADDED ENTRY--PERSONAL NAME
Personal name Berry, Jim
700 1# - ADDED ENTRY--PERSONAL NAME
Personal name McGreal, Stanley
700 1# - ADDED ENTRY--PERSONAL NAME
Personal name Organ, Samantha
856 40 - ELECTRONIC LOCATION AND ACCESS
Uniform Resource Identifier <a href="https://www.rics.org/Global/Innovative_Financing_230315_dwl_aj.pdf">https://www.rics.org/Global/Innovative_Financing_230315_dwl_aj.pdf</a>
Public note View this item free of charge at www.rics.org
942 ## - ADDED ENTRY ELEMENTS (KOHA)
Suppress in OPAC 0
Holdings
Withdrawn status Lost status Source of classification or shelving scheme Damaged status Not for loan Home library Current library Shelving location Date acquired Total Checkouts Full call number Barcode Date last seen Copy number Price effective from Koha item type
    Dewey Decimal Classification     Virtual Virtual Online 08/04/2015   ONLINE PUBLICATION 158516-2001 06/08/2019 1 06/08/2019 Book